| 000 | 00770cab a2200241 4500 | ||
|---|---|---|---|
| 001 | WB3432-05 | ||
| 008 | 090401t1998 xxu||||| |||| 00| 0 eng d | ||
| 035 | _a(Sirsi) u88073 | ||
| 041 | _aeng | ||
| 245 | _aBattle over HQ | ||
| 260 | _c1998 | ||
| 350 | _a0 | ||
| 490 |
_aDaily Telegraph _v19 August 1998, 8(1) |
||
| 520 | _aA Commons committee has revealed that the DETR has spent £1m trying to rectify problems with its new `green` headquarters. The department is trying to make the landlord of the building pay for the costs. | ||
| 650 | _aBUILDING DEFECTS | ||
| 650 | _aDETR | ||
| 650 | _aELAND HOUSE | ||
| 650 | _aGREEN BUILDINGS | ||
| 650 | _aSMART BUILDINGS | ||
| 690 | _aBUILT ENVIRONMENT-BUILDING PATHOLOGY | ||
| 942 | _n0 | ||
| 948 | _c20/08/1998 | ||
| 999 |
_c55624 _d55624 |
||